[Event "MARIENBAD OPEN 2020 - A, B - closed tournaments"]
[Site "?"]
[Date "2020.01.23"]
[Round "7"]
[White "Vatsal, Singhania"]
[Black "Sharma, Isha"]
[Result "1-0"]
[BlackElo "2169"]
[WhiteElo "2230"]
[LiveChessVersion "1.4.8"]

1. e4 {[%clk 1:30:59]} e6 {[%clk 1:30:07]} 2. d4 {[%clk 1:31:24]} d5
{[%clk 1:30:32]} 3. Nd2 {[%clk 1:31:50]} Be7 {[%clk 1:30:29]} 4. Bd3
{[%clk 1:32:13]} c5 {[%clk 1:30:38]} 5. dxc5 {[%clk 1:32:36]} Nf6
{[%clk 1:30:58]} 6. Qe2 {[%clk 1:32:58]} O-O {[%clk 1:31:06]} 7. Ngf3
{[%clk 1:33:24]} a5 {[%clk 1:31:26]} 8. O-O {[%clk 1:33:49]} Na6 {[%clk 1:31:45]}
9. e5 {[%clk 1:34:15]} Nd7 {[%clk 1:31:51]} 10. c4 {[%clk 1:34:41]} dxc4
{[%clk 1:31:07]} 11. Nxc4 {[%clk 1:34:45]} Ndxc5 {[%clk 1:31:13]} 12. Bc2
{[%clk 1:33:23]} Nb4 {[%clk 1:30:46]} 13. Rd1 {[%clk 1:32:48]} Qc7
{[%clk 1:31:05]} 14. Bg5 {[%clk 1:31:51]} h6 {[%clk 1:25:33]} 15. Bxe7
{[%clk 1:29:40]} Qxe7 {[%clk 1:25:57]} 16. a3 {[%clk 1:24:33]} Nd5
{[%clk 1:22:29]} 17. Ne3 {[%clk 1:19:30]} Rd8 {[%clk 1:12:09]} 18. Nxd5
{[%clk 1:13:03]} exd5 {[%clk 1:12:15]} 19. Nd4 {[%clk 1:06:58]} Qg5
{[%clk 1:09:43]} 20. Rac1 {[%clk 1:00:54]} Bg4 {[%clk 1:01:25]} 21. f3
{[%clk 1:00:44]} Ne6 {[%clk 0:59:18]} 22. Nxe6 {[%clk 0:58:28]} Bxe6
{[%clk 0:59:44]} 23. Rd2 {[%clk 0:56:57]} d4 {[%clk 0:56:09]} 24. Rcd1
{[%clk 0:55:06]} Rac8 {[%clk 0:55:40]} 25. Qe4 {[%clk 0:47:48]} g6
{[%clk 0:53:52]} 26. f4 {[%clk 0:39:29]} Qg4 {[%clk 0:53:19]} 27. h3
{[%clk 0:29:25]} Qg3 {[%clk 0:52:28]} 28. Rd3 {[%clk 0:28:30]} Qh4
{[%clk 0:52:21]} 29. Bb3 {[%clk 0:27:42]} Bf5 {[%clk 0:43:40]} 30. Qxb7
{[%clk 0:27:26]} Bxd3 {[%clk 0:44:05]} 31. Qxf7+ {[%clk 0:27:54]} Kh8
{[%clk 0:44:30]} 32. Rxd3 {[%clk 0:28:19]} Rf8 {[%clk 0:42:50]} 33. Qxg6
{[%clk 0:28:44]} Qxf4 {[%clk 0:43:13]} 34. Rg3 {[%clk 0:29:04]} Rc7
{[%clk 0:42:46]} 35. Bc2 {[%clk 0:25:22]} Re7 {[%clk 0:31:56]} 36. b4
{[%clk 0:24:05]} axb4 {[%clk 0:31:14]} 37. axb4 {[%clk 0:24:32]} Rc8
{[%clk 0:30:17]} 38. Bd3 {[%clk 0:24:22]} Qf8 {[%clk 0:29:44]} 39. Kh2
{[%clk 0:23:24]} Rcc7 {[%clk 0:29:09]} 40. b5 {[%clk 0:20:04]} Rc5
{[%clk 0:18:30]} 41. b6 {[%clk 0:06:52]} Rcxe5 {[%clk 0:15:10]} 42. Rf3
{[%clk 0:06:13]} Qg7 {[%clk 0:10:27]} 43. b7 {[%clk 0:05:54]} Rxb7
{[%clk 0:09:43]} 44. Qd6 {[%clk 0:06:20]} Re8 {[%clk 0:07:52]} 45. Rg3
{[%clk 0:05:06]} 1-0

[Event "MARIENBAD OPEN 2020 - A, B - closed tournaments"]
[Site "?"]
[Date "2020.01.23"]
[Round "7"]
[White "Jurek, Josef"]
[Black "Vetokhin, Savva"]
[Result "1/2-1/2"]
[BlackElo "2113"]
[WhiteElo "2235"]
[LiveChessVersion "1.4.8"]

1. Nf3 {[%clk 1:30:46]} Nf6 {[%clk 1:30:47]} 2. g3 {[%clk 1:30:58]} e6
{[%clk 1:30:21]} 3. Bg2 {[%clk 1:29:56]} d5 {[%clk 1:30:29]} 4. O-O
{[%clk 1:29:42]} Be7 {[%clk 1:30:14]} 5. c4 {[%clk 1:28:56]} O-O {[%clk 1:29:35]}
6. b3 {[%clk 1:28:08]} c5 {[%clk 1:29:08]} 7. e3 {[%clk 1:28:04]} Nc6
{[%clk 1:28:42]} 8. Bb2 {[%clk 1:28:18]} b6 {[%clk 1:28:47]} 9. Nc3
{[%clk 1:27:42]} Bb7 {[%clk 1:28:28]} 10. cxd5 {[%clk 1:27:12]} Nxd5
{[%clk 1:26:38]} 11. Nxd5 {[%clk 1:26:59]} Qxd5 {[%clk 1:21:21]} 12. d4
{[%clk 1:26:46]} Qd8 {[%clk 1:11:44]} 13. dxc5 {[%clk 1:13:18]} Bxc5
{[%clk 1:11:25]} 14. Ne5 {[%clk 1:10:24]} Nxe5 {[%clk 0:59:40]} 15. Bxb7
{[%clk 1:06:02]} Rb8 {[%clk 1:00:01]} 16. Be4 {[%clk 1:03:35]} Ng6
{[%clk 0:56:28]} 17. Qxd8 {[%clk 0:58:13]} Rfxd8 {[%clk 0:56:36]} 18. Rfd1
{[%clk 0:58:23]} Kf8 {[%clk 0:52:24]} 19. Kf1 {[%clk 0:55:03]} f6
{[%clk 0:51:35]} 20. Ke2 {[%clk 0:51:36]} Ke7 {[%clk 0:51:53]} 21. Rac1
{[%clk 0:47:45]} Rbc8 {[%clk 0:50:38]} 22. Rxd8 {[%clk 0:46:26]} Rxd8
{[%clk 0:50:27]} 23. Bc3 {[%clk 0:45:16]} Nf8 {[%clk 0:49:33]} 24. b4
{[%clk 0:42:05]} Bd6 {[%clk 0:49:35]} 25. f4 {[%clk 0:39:03]} Nd7
{[%clk 0:49:01]} 26. a3 {[%clk 0:38:33]} f5 {[%clk 0:47:34]} 27. Bf3
{[%clk 0:37:57]} e5 {[%clk 0:44:29]} 28. Kf2 {[%clk 0:34:51]} g6 {[%clk 0:40:54]}
29. Bb2 {[%clk 0:29:11]} Bb8 {[%clk 0:35:18]} 30. Rc2 {[%clk 0:27:32]} Bd6
{[%clk 0:31:43]} 31. h3 {[%clk 0:26:07]} h6 {[%clk 0:29:42]} 32. Be2
{[%clk 0:21:37]} g5 {[%clk 0:27:28]} 33. Bc1 {[%clk 0:18:33]} 1/2-1/2

[Event "MARIENBAD OPEN 2020 - A, B - closed tournaments"]
[Site "?"]
[Date "2020.01.23"]
[Round "7"]
[White "Granovskiy, Alexandr"]
[Black "Adrian, Claude"]
[Result "1/2-1/2"]
[BlackElo "2261"]
[WhiteElo "2258"]
[LiveChessVersion "1.4.8"]

1. Nf3 {[%clk 1:30:56]} Nf6 {[%clk 1:28:00]} 2. g3 {[%clk 1:30:50]} b6
{[%clk 1:28:09]} 3. Bg2 {[%clk 1:30:58]} Bb7 {[%clk 1:28:33]} 4. O-O
{[%clk 1:31:22]} c5 {[%clk 1:28:44]} 5. c4 {[%clk 1:30:48]} g6 {[%clk 1:28:59]}
6. d4 {[%clk 1:29:50]} cxd4 {[%clk 1:29:15]} 7. Qxd4 {[%clk 1:30:06]} Bg7
{[%clk 1:29:26]} 8. Nc3 {[%clk 1:30:11]} d6 {[%clk 1:29:48]} 9. Bg5
{[%clk 1:24:12]} Nbd7 {[%clk 1:24:40]} 10. Rad1 {[%clk 1:17:25]} Rc8
{[%clk 1:24:17]} 11. b3 {[%clk 1:14:13]} h6 {[%clk 1:21:48]} 12. Bc1
{[%clk 1:12:05]} O-O {[%clk 1:21:22]} 13. Qd2 {[%clk 1:06:35]} a6
{[%clk 1:18:31]} 14. Nd4 {[%clk 0:57:53]} Bxg2 {[%clk 1:16:05]} 15. Kxg2
{[%clk 0:58:22]} Qc7 {[%clk 1:10:25]} 16. Bb2 {[%clk 0:58:42]} Qb7+
{[%clk 1:10:02]} 17. f3 {[%clk 0:53:50]} Rfd8 {[%clk 1:06:58]} 18. Nc2
{[%clk 0:44:58]} Ne5 {[%clk 0:44:07]} 19. Nd5 {[%clk 0:37:37]} Nxd5
{[%clk 0:36:21]} 20. Qxd5 {[%clk 0:35:33]} Qxd5 {[%clk 0:35:52]} 21. Rxd5
{[%clk 0:36:01]} e6 {[%clk 0:28:38]} 22. Rdd1 {[%clk 0:33:10]} d5
{[%clk 0:26:20]} 23. Bxe5 {[%clk 0:32:23]} Bxe5 {[%clk 0:26:39]} 24. Ne3
{[%clk 0:32:45]} dxc4 {[%clk 0:23:40]} 25. Rxd8+ {[%clk 0:29:22]} Rxd8
{[%clk 0:24:00]} 26. Nxc4 {[%clk 0:29:46]} Bc7 {[%clk 0:20:56]} 27. a4
{[%clk 0:27:29]} b5 {[%clk 0:17:57]} 1/2-1/2

[Event "MARIENBAD OPEN 2020 - A, B - closed tournaments"]
[Site "?"]
[Date "2020.01.24"]
[Round "8"]
[White "Dev, Shah"]
[Black "Bracker, Arne"]
[Result "0-1"]
[BlackElo "2243"]
[WhiteElo "2320"]
[LiveChessVersion "1.4.8"]

1. d4 {[%clk 1:30:18]} Nf6 {[%clk 1:30:52]} 2. c4 {[%clk 1:30:41]} e6
{[%clk 1:31:16]} 3. Nc3 {[%clk 1:31:06]} Bb4 {[%clk 1:31:38]} 4. e3
{[%clk 1:31:30]} O-O {[%clk 1:31:49]} 5. Bd3 {[%clk 1:31:44]} c5 {[%clk 1:31:48]}
6. Nf3 {[%clk 1:31:37]} d5 {[%clk 1:31:46]} 7. cxd5 {[%clk 1:31:53]} cxd4
{[%clk 1:12:27]} 8. exd4 {[%clk 1:26:19]} exd5 {[%clk 1:00:28]} 9. Ne5
{[%clk 1:18:33]} Nc6 {[%clk 0:57:27]} 10. Nxc6 {[%clk 1:18:18]} bxc6
{[%clk 0:57:34]} 11. O-O {[%clk 1:18:30]} Bd6 {[%clk 0:51:17]} 12. Bg5
{[%clk 1:15:27]} Rb8 {[%clk 0:51:35]} 13. b3 {[%clk 1:12:53]} h6 {[%clk 0:50:48]}
14. Bh4 {[%clk 1:08:29]} Re8 {[%clk 0:49:53]} 15. Bg3 {[%clk 1:01:41]} Rb7
{[%clk 0:41:45]} 16. Ba6 {[%clk 0:57:33]} Rbe7 {[%clk 0:38:23]} 17. Bxc8
{[%clk 0:47:51]} Bxg3 {[%clk 0:37:36]} 18. Bf5 {[%clk 0:43:10]} Bc7
{[%clk 0:35:11]} 19. Bd3 {[%clk 0:41:34]} Qd6 {[%clk 0:33:21]} 20. g3
{[%clk 0:41:33]} h5 {[%clk 0:30:49]} 21. Qf3 {[%clk 0:34:06]} g6 {[%clk 0:26:56]}
22. Rac1 {[%clk 0:21:52]} Bb6 {[%clk 0:21:13]} 23. Ne2 {[%clk 0:21:03]} Ne4
{[%clk 0:18:47]} 24. Bxe4 {[%clk 0:15:11]} Rxe4 {[%clk 0:19:08]} 25. Rc2
{[%clk 0:15:28]} Qe6 {[%clk 0:17:26]} 26. Nf4 {[%clk 0:14:37]} Qf6
{[%clk 0:17:55]} 27. Qc3 {[%clk 0:12:49]} Rxf4 {[%clk 0:15:29]} 28. gxf4
{[%clk 0:12:47]} Qxf4 {[%clk 0:15:51]} 29. Re1 {[%clk 0:11:29]} Rxe1+
{[%clk 0:08:45]} 30. Qxe1 {[%clk 0:11:52]} Bxd4 {[%clk 0:09:06]} 31. Qe8+
{[%clk 0:06:51]} Kg7 {[%clk 0:09:34]} 32. Qxc6 {[%clk 0:07:12]} h4
{[%clk 0:03:07]} 33. h3 {[%clk 0:03:29]} Qg3+ {[%clk 0:03:27]} 34. Kf1
{[%clk 0:03:48]} Qxh3+ {[%clk 0:03:41]} 35. Kg1 {[%clk 0:02:24]} Qg4+
{[%clk 0:03:38]} 36. Kf1 {[%clk 0:02:23]} Qd1+ {[%clk 0:01:54]} 37. Kg2
{[%clk 0:02:52]} Be5 {[%clk 0:02:17]} 0-1

[Event "MARIENBAD OPEN 2020 - A, B - closed tournaments"]
[Site "?"]
[Date "2020.01.24"]
[Round "8"]
[White "Swicarz, Maciej"]
[Black "Kovalev, Andrei"]
[Result "0-1"]
[BlackElo "2489"]
[WhiteElo "2357"]
[LiveChessVersion "1.4.8"]

1. d4 {[%clk 1:30:55]} Nf6 {[%clk 1:30:18]} 2. Bg5 {[%clk 1:31:20]} Ne4
{[%clk 1:30:43]} 3. Bf4 {[%clk 1:31:38]} c5 {[%clk 1:30:37]} 4. f3
{[%clk 1:32:01]} Nf6 {[%clk 1:30:55]} 5. dxc5 {[%clk 1:32:01]} b6
{[%clk 1:31:12]} 6. Nc3 {[%clk 1:31:13]} bxc5 {[%clk 1:31:28]} 7. e4
{[%clk 1:31:33]} Nc6 {[%clk 1:31:50]} 8. Qd2 {[%clk 1:30:07]} e5 {[%clk 1:25:51]}
9. Bg5 {[%clk 1:23:12]} Be7 {[%clk 1:25:32]} 10. h4 {[%clk 1:23:19]} Rb8
{[%clk 1:22:44]} 11. b3 {[%clk 1:22:02]} Nd4 {[%clk 1:17:54]} 12. Bc4
{[%clk 1:14:52]} h6 {[%clk 1:02:27]} 13. Bxf6 {[%clk 1:14:23]} Bxf6
{[%clk 1:02:54]} 14. g3 {[%clk 1:14:19]} Qa5 {[%clk 1:02:15]} 15. Kd1
{[%clk 0:47:25]} Ba6 {[%clk 0:54:41]} 16. Nd5 {[%clk 0:45:03]} Qxd2+
{[%clk 0:54:18]} 17. Kxd2 {[%clk 0:45:31]} Bxc4 {[%clk 0:54:33]} 18. bxc4
{[%clk 0:45:21]} Rb2 {[%clk 0:53:24]} 19. Ne3 {[%clk 0:43:41]} O-O
{[%clk 0:51:50]} 20. Kd3 {[%clk 0:40:18]} d5 {[%clk 0:27:25]} 21. c3
{[%clk 0:18:22]} dxe4+ {[%clk 0:24:02]} 22. fxe4 {[%clk 0:18:48]} Nc2
{[%clk 0:22:18]} 23. Rc1 {[%clk 0:10:23]} Nxe3 {[%clk 0:17:57]} 24. Kxe3
{[%clk 0:10:51]} Rxa2 {[%clk 0:15:27]} 25. Nf3 {[%clk 0:11:16]} Rb8
{[%clk 0:14:16]} 26. Ra1 {[%clk 0:10:34]} Rc2 {[%clk 0:13:19]} 27. Rhc1
{[%clk 0:10:22]} Rbb2 {[%clk 0:12:34]} 28. Rxc2 {[%clk 0:10:34]} Rxc2
{[%clk 0:13:03]} 29. Ra3 {[%clk 0:06:43]} Rg2 {[%clk 0:13:10]} 30. Ra5
{[%clk 0:04:43]} Rxg3 {[%clk 0:11:26]} 31. Rxc5 {[%clk 0:05:10]} g5
{[%clk 0:11:52]} 32. hxg5 {[%clk 0:04:57]} hxg5 {[%clk 0:12:14]} 33. Kf2
{[%clk 0:04:43]} Rh3 {[%clk 0:10:15]} 34. Kg2 {[%clk 0:03:25]} g4
{[%clk 0:10:40]} 35. Nh2 {[%clk 0:03:50]} Bh4 {[%clk 0:08:52]} 36. Rxe5
{[%clk 0:03:31]} Rxc3 {[%clk 0:08:41]} 37. Rh5 {[%clk 0:03:32]} Rc2+
{[%clk 0:07:54]} 38. Kg1 {[%clk 0:02:18]} Bf2+ {[%clk 0:05:04]} 39. Kf1
{[%clk 0:01:50]} g3 {[%clk 0:04:15]} 40. Rg5+ {[%clk 0:01:04]} Kf8
{[%clk 0:03:22]} 41. Nf3 {[%clk 0:29:52]} Rxc4 {[%clk 0:33:22]} 42. e5
{[%clk 0:25:23]} Ke7 {[%clk 0:29:04]} 43. Rg7 {[%clk 0:25:17]} Ke6
{[%clk 0:27:13]} 44. Ng5+ {[%clk 0:22:35]} Kxe5 {[%clk 0:27:36]} 45. Rxf7
{[%clk 0:22:53]} a5 {[%clk 0:27:17]} 46. Nf3+ {[%clk 0:22:40]} Ke6
{[%clk 0:24:55]} 47. Ng5+ {[%clk 0:22:31]} Kd6 {[%clk 0:24:59]} 48. Rf5
{[%clk 0:22:30]} a4 {[%clk 0:24:37]} 49. Ra5 {[%clk 0:22:45]} Bb6
{[%clk 0:19:58]} 50. Ra6 {[%clk 0:18:52]} Kc6 {[%clk 0:18:44]} 51. Kg2
{[%clk 0:19:13]} Kb7 {[%clk 0:19:00]} 0-1

[Event "MARIENBAD OPEN 2020 - A, B - closed tournaments"]
[Site "?"]
[Date "2020.01.24"]
[Round "8"]
[White "Siddharth, Jagadeesh"]
[Black "Plat, Vojtech"]
[Result "1/2-1/2"]
[BlackElo "2589"]
[WhiteElo "2301"]
[LiveChessVersion "1.4.8"]

1. d4 {[%clk 1:30:54]} d6 {[%clk 1:30:18]} 2. e4 {[%clk 1:31:03]} Nf6
{[%clk 1:30:43]} 3. Nc3 {[%clk 1:31:22]} e5 {[%clk 1:31:09]} 4. Nf3
{[%clk 1:31:42]} exd4 {[%clk 1:30:40]} 5. Qxd4 {[%clk 1:31:53]} Be7
{[%clk 1:30:40]} 6. Bg5 {[%clk 1:31:40]} Be6 {[%clk 1:30:45]} 7. O-O-O
{[%clk 1:31:07]} Nc6 {[%clk 1:30:49]} 8. Bb5 {[%clk 1:23:50]} O-O
{[%clk 1:31:02]} 9. Bxc6 {[%clk 1:24:12]} bxc6 {[%clk 1:31:30]} 10. Rhe1
{[%clk 1:18:34]} Nd7 {[%clk 1:31:01]} 11. Bxe7 {[%clk 1:18:21]} Qxe7
{[%clk 1:31:30]} 12. e5 {[%clk 1:17:20]} d5 {[%clk 1:31:51]} 13. Qa4
{[%clk 1:17:25]} c5 {[%clk 1:32:00]} 14. Qh4 {[%clk 1:03:30]} Qxh4
{[%clk 1:32:26]} 15. Nxh4 {[%clk 1:03:48]} d4 {[%clk 1:26:04]} 16. Ne4
{[%clk 1:03:27]} Rfb8 {[%clk 1:26:30]} 17. f4 {[%clk 0:44:43]} a5
{[%clk 1:17:29]} 18. c3 {[%clk 0:43:01]} Bxa2 {[%clk 1:16:16]} 19. cxd4
{[%clk 0:37:45]} Rb4 {[%clk 1:16:36]} 20. dxc5 {[%clk 0:29:22]} Rc4+
{[%clk 1:15:07]} 21. Kd2 {[%clk 0:26:27]} Rb8 {[%clk 1:13:50]} 22. Ke3
{[%clk 0:20:29]} Nf8 {[%clk 1:14:12]} 23. Nf5 {[%clk 0:17:34]} Ne6
{[%clk 1:14:30]} 24. Rd2 {[%clk 0:12:57]} a4 {[%clk 1:09:15]} 25. Ne7+
{[%clk 0:10:23]} Kf8 {[%clk 1:09:38]} 26. Nc6 {[%clk 0:10:41]} Ra8
{[%clk 1:08:41]} 27. Ra1 {[%clk 0:07:17]} Nxc5 {[%clk 1:05:41]} 28. Nxc5
{[%clk 0:02:09]} Rxc5 {[%clk 1:06:10]} 29. Rxa2 {[%clk 0:02:38]} Rxc6
{[%clk 1:06:33]} 30. g3 {[%clk 0:01:26]} Rb6 {[%clk 1:06:55]} 31. Rd4
{[%clk 0:01:10]} Rb3+ {[%clk 1:06:16]} 32. Rd3 {[%clk 0:00:55]} Rb4
{[%clk 1:05:59]} 33. Rda3 {[%clk 0:00:41]} f6 {[%clk 1:01:35]} 34. b3
{[%clk 0:00:45]} fxe5 {[%clk 1:01:59]} 35. fxe5 {[%clk 0:00:56]} Ra5
{[%clk 0:58:08]} 36. bxa4 {[%clk 0:01:22]} Rxe5+ {[%clk 0:58:33]} 37. Kf3
{[%clk 0:01:47]} Ra5 {[%clk 0:58:49]} 38. Rc3 {[%clk 0:01:55]} Rbxa4
{[%clk 0:59:09]} 1/2-1/2

[Event "MARIENBAD OPEN 2020 - A, B - closed tournaments"]
[Site "?"]
[Date "2020.01.24"]
[Round "8"]
[White "Plischki, Sebastian"]
[Black "Tymrakiewicz, Rafal"]
[Result "0-1"]
[BlackElo "2254"]
[WhiteElo "2387"]
[LiveChessVersion "1.4.8"]

1. c4 {[%clk 1:30:54]} c6 {[%clk 1:29:39]} 2. Nf3 {[%clk 1:31:13]} d5
{[%clk 1:30:03]} 3. e3 {[%clk 1:31:30]} Nf6 {[%clk 1:28:27]} 4. Nc3
{[%clk 1:31:50]} a6 {[%clk 1:22:33]} 5. d4 {[%clk 1:29:57]} b5 {[%clk 1:21:56]}
6. b3 {[%clk 1:30:07]} Bg4 {[%clk 1:21:07]} 7. Be2 {[%clk 1:29:39]} Nbd7
{[%clk 1:18:16]} 8. h3 {[%clk 1:29:39]} Bh5 {[%clk 1:13:30]} 9. g4
{[%clk 1:27:34]} Bg6 {[%clk 1:11:13]} 10. Ne5 {[%clk 1:24:49]} Nxe5
{[%clk 0:59:45]} 11. dxe5 {[%clk 1:25:12]} Qa5 {[%clk 0:54:53]} 12. Bd2
{[%clk 1:17:31]} b4 {[%clk 0:54:55]} 13. Nxd5 {[%clk 0:58:38]} Nxd5
{[%clk 0:50:44]} 14. cxd5 {[%clk 0:58:51]} Qxd5 {[%clk 0:50:25]} 15. O-O
{[%clk 0:52:23]} e6 {[%clk 0:43:56]} 16. Bf3 {[%clk 0:47:40]} Be4
{[%clk 0:43:45]} 17. Bxe4 {[%clk 0:47:46]} Qxe4 {[%clk 0:44:12]} 18. Rc1
{[%clk 0:39:20]} Rd8 {[%clk 0:33:32]} 19. Qc2 {[%clk 0:35:02]} Qxc2
{[%clk 0:12:35]} 20. Rxc2 {[%clk 0:35:23]} c5 {[%clk 0:09:21]} 21. Rd1
{[%clk 0:27:29]} Be7 {[%clk 0:07:02]} 22. Kf1 {[%clk 0:27:23]} h5
{[%clk 0:05:15]} 23. g5 {[%clk 0:25:27]} O-O {[%clk 0:04:03]} 24. Ke2
{[%clk 0:23:51]} Rd7 {[%clk 0:03:54]} 25. f4 Rfd8 {[%clk 0:04:17]} 26. Rcc1
{[%clk 0:17:47]} Kf8 {[%clk 0:03:36]} 27. e4 {[%clk 0:17:03]} Ke8
{[%clk 0:03:12]} 28. Be3 {[%clk 0:10:18]} Rxd1 {[%clk 0:03:24]} 29. Rxd1
{[%clk 0:10:42]} Rxd1 {[%clk 0:03:23]} 30. Kxd1 {[%clk 0:11:06]} Kd7
{[%clk 0:03:50]} 31. Kc2 {[%clk 0:10:38]} Kc6 {[%clk 0:03:17]} 32. Kd3
{[%clk 0:11:03]} Kb5 {[%clk 0:03:44]} 33. Bc1 {[%clk 0:11:14]} Bd8
{[%clk 0:02:56]} 34. Bd2 {[%clk 0:11:33]} Bb6 {[%clk 0:01:58]} 35. Be3
{[%clk 0:11:14]} g6 {[%clk 0:01:40]} 36. Bf2 {[%clk 0:09:39]} a5 {[%clk 0:01:27]}
37. Be3 {[%clk 0:09:04]} Bc7 {[%clk 0:00:41]} 38. Bf2 {[%clk 0:09:20]} Bb8
{[%clk 0:01:05]} 39. Be3 {[%clk 0:09:33]} Ba7 {[%clk 0:01:31]} 40. Bf2
{[%clk 0:08:46]} Bb6 {[%clk 0:01:48]} 41. Be3 {[%clk 0:08:47]} c4+
{[%clk 0:10:06]} 42. bxc4+ {[%clk 0:39:05]} Kc6 {[%clk 0:10:33]} 43. Bc1
{[%clk 0:31:31]} Bf2 {[%clk 0:08:15]} 44. Bd2 {[%clk 0:29:13]} Kc5
{[%clk 0:08:15]} 45. Bc1 {[%clk 0:28:39]} Bg1 {[%clk 0:06:30]} 46. Bb2
{[%clk 0:19:55]} a4 {[%clk 0:04:47]} 47. Bc1 {[%clk 0:20:19]} Bf2
{[%clk 0:03:47]} 48. Bb2 {[%clk 0:20:04]} a3 {[%clk 0:02:35]} 49. Bc1
{[%clk 0:20:07]} Bd4 {[%clk 0:02:34]} 50. f5 {[%clk 0:09:42]} Bg1
{[%clk 0:02:04]} 51. Bd2 {[%clk 0:08:30]} Bf2 {[%clk 0:02:23]} 0-1

[Event "MARIENBAD OPEN 2020 - A, B - closed tournaments"]
[Site "?"]
[Date "2020.01.24"]
[Round "8"]
[White "Stigar, Petter"]
[Black "Abhilash, Reddy M.L."]
[Result "1/2-1/2"]
[BlackElo "2258"]
[WhiteElo "2217"]
[LiveChessVersion "1.4.8"]

1. d4 {[%clk 1:30:36]} d5 {[%clk 1:30:32]} 2. Nf3 {[%clk 1:30:41]} Nf6
{[%clk 1:30:49]} 3. g3 {[%clk 1:30:57]} c6 {[%clk 1:30:52]} 4. Bg2
{[%clk 1:31:06]} Bf5 {[%clk 1:31:10]} 5. c4 {[%clk 1:31:21]} e6 {[%clk 1:31:26]}
6. Nc3 {[%clk 1:31:40]} Nbd7 {[%clk 1:31:50]} 7. Qb3 {[%clk 1:31:51]} Qb6
{[%clk 1:30:12]} 8. c5 {[%clk 1:31:13]} Qc7 {[%clk 1:26:29]} 9. Bf4
{[%clk 1:30:21]} Qc8 {[%clk 1:26:34]} 10. Nh4 {[%clk 1:30:30]} Bg6
{[%clk 1:21:41]} 11. Nxg6 {[%clk 1:26:38]} hxg6 {[%clk 1:21:38]} 12. Qc2
{[%clk 1:26:52]} Be7 {[%clk 1:16:57]} 13. a3 {[%clk 1:25:36]} Bd8
{[%clk 1:07:49]} 14. b4 {[%clk 1:12:12]} Bc7 1/2-1/2

[Event "MARIENBAD OPEN 2020 - A, B - closed tournaments"]
[Site "?"]
[Date "2020.01.24"]
[Round "8"]
[White "Sernecki, Franciszek"]
[Black "Vagman, Roy"]
[Result "1-0"]
[BlackElo "2089"]
[WhiteElo "2204"]
[LiveChessVersion "1.4.8"]

1. e4 {[%clk 1:30:01]} c5 {[%clk 1:30:08]} 2. Nf3 {[%clk 1:30:06]} a6
{[%clk 1:29:59]} 3. c3 {[%clk 1:30:01]} d5 {[%clk 1:29:47]} 4. exd5
{[%clk 1:29:19]} Qxd5 {[%clk 1:30:16]} 5. d4 {[%clk 1:29:22]} Nf6
{[%clk 1:29:32]} 6. Be2 {[%clk 1:29:10]} cxd4 {[%clk 1:29:40]} 7. cxd4
{[%clk 1:29:32]} e6 {[%clk 1:29:48]} 8. Nc3 {[%clk 1:29:31]} Qd6 {[%clk 1:29:50]}
9. O-O {[%clk 1:27:40]} Nc6 {[%clk 1:28:18]} 10. Be3 {[%clk 1:17:01]} Be7
{[%clk 1:27:48]} 11. Qb3 {[%clk 1:15:06]} b5 {[%clk 1:21:00]} 12. Ne5
{[%clk 1:05:01]} Nxe5 {[%clk 1:06:50]} 13. dxe5 {[%clk 1:02:50]} Qxe5
{[%clk 1:07:12]} 14. Bf3 {[%clk 0:58:22]} Rb8 {[%clk 1:04:25]} 15. Ba7
{[%clk 0:48:01]} Bd6 {[%clk 1:03:22]} 16. g3 {[%clk 0:46:44]} Rb7
{[%clk 1:02:09]} 17. Rfe1 {[%clk 0:40:35]} Qf5 {[%clk 1:01:00]} 18. Ne4
{[%clk 0:37:47]} Nxe4 {[%clk 0:54:18]} 19. Bxe4 {[%clk 0:37:20]} Qh3
{[%clk 0:54:19]} 20. Bg2 {[%clk 0:32:02]} Qf5 {[%clk 0:54:21]} 21. Be4
{[%clk 0:23:55]} Qh3 {[%clk 0:52:47]} 22. Bg2 {[%clk 0:24:14]} Qf5
{[%clk 0:47:24]} 23. Bxb7 {[%clk 0:19:13]} Bxb7 {[%clk 0:46:57]} 24. Rad1
{[%clk 0:18:49]} Ke7 {[%clk 0:41:36]} 25. Qd3 {[%clk 0:14:55]} Qxd3
{[%clk 0:41:39]} 26. Rxd3 {[%clk 0:15:22]} Rc8 {[%clk 0:41:29]} 27. Bd4
{[%clk 0:12:31]} Bb4 {[%clk 0:27:39]} 28. Bc3 {[%clk 0:11:46]} Bxc3
{[%clk 0:27:36]} 29. Rxc3 {[%clk 0:12:11]} Rxc3 {[%clk 0:27:52]} 30. bxc3
{[%clk 0:12:40]} Bd5 {[%clk 0:27:55]} 31. Ra1 {[%clk 0:12:37]} Kd6
{[%clk 0:22:54]} 32. Kf1 {[%clk 0:12:46]} Kc5 {[%clk 0:21:52]} 33. Ke2
{[%clk 0:12:40]} Kc4 {[%clk 0:21:34]} 34. Kd2 {[%clk 0:12:28]} Bc6
{[%clk 0:19:01]} 35. Re1 {[%clk 0:10:56]} Bd5 {[%clk 0:18:05]} 36. Kc2
{[%clk 0:10:42]} f5 {[%clk 0:17:38]} 37. f4 {[%clk 0:09:35]} Be4+
{[%clk 0:17:27]} 38. Kd2 {[%clk 0:09:43]} h6 {[%clk 0:15:11]} 39. Ra1
{[%clk 0:07:00]} Bc6 {[%clk 0:15:15]} 40. Rb1 {[%clk 0:06:35]} a5
{[%clk 0:14:27]} 41. Ra1 {[%clk 0:04:47]} Be4 {[%clk 0:12:52]} 42. Re1
{[%clk 0:01:16]} a4 {[%clk 0:11:42]} 43. Re3 {[%clk 0:16:13]} Kc5
{[%clk 0:39:23]} 44. Re1 {[%clk 0:11:09]} Kc4 {[%clk 0:38:44]} 45. g4
{[%clk 0:10:16]} g6 {[%clk 0:26:11]} 46. h4 {[%clk 0:09:06]} h5 {[%clk 0:25:08]}
47. gxh5 {[%clk 0:09:00]} gxh5 {[%clk 0:25:33]} 48. Rg1 {[%clk 0:09:04]} Bf3
{[%clk 0:22:43]} 49. Rb1 {[%clk 0:08:53]} Kc5 {[%clk 0:22:35]} 50. Rb4
{[%clk 0:03:15]} Bd5 {[%clk 0:20:38]} 51. a3 {[%clk 0:03:19]} Bc4
{[%clk 0:20:30]} 52. Rb1 {[%clk 0:03:28]} Kd5 {[%clk 0:20:41]} 53. Re1
{[%clk 0:03:34]} Ba2 {[%clk 0:15:37]} 54. Re5+ {[%clk 0:03:47]} Kc4
{[%clk 0:15:37]} 55. Rxe6 {[%clk 0:03:40]} Kb3 {[%clk 0:16:01]} 56. Re5
{[%clk 0:03:45]} Kxa3 {[%clk 0:15:52]} 57. Rxb5 {[%clk 0:03:22]} Bc4
{[%clk 0:15:42]} 58. Rb4 {[%clk 0:02:42]} Bb3 {[%clk 0:15:44]} 59. Kc1
{[%clk 0:02:47]} Ka2 {[%clk 0:13:20]} 60. Rb5 {[%clk 0:02:44]} Be6
{[%clk 0:12:35]} 61. Rb6 {[%clk 0:02:21]} Bd5 {[%clk 0:12:14]} 62. Rb5
{[%clk 0:02:06]} Be4 {[%clk 0:12:07]} 63. c4 {[%clk 0:01:32]} Bd3
{[%clk 0:10:47]} 64. Rb2+ {[%clk 0:01:57]} Ka1 {[%clk 0:11:01]} 65. c5
{[%clk 0:02:15]} Be4 {[%clk 0:10:02]} 66. Rb6 {[%clk 0:01:33]} a3
{[%clk 0:10:26]} 67. c6 {[%clk 0:01:40]} a2 {[%clk 0:10:07]} 68. c7
{[%clk 0:02:01]} Bb7 {[%clk 0:10:35]} 69. Kd2 {[%clk 0:02:21]} Bc8
{[%clk 0:10:46]} 70. Kc3 {[%clk 0:02:40]} Bb7 {[%clk 0:10:24]} 71. Kd4
{[%clk 0:03:00]} Bc8 {[%clk 0:10:16]} 72. Kc4 {[%clk 0:03:10]} Bb7
{[%clk 0:10:08]} 73. Kc3 {[%clk 0:03:35]} Bc8 {[%clk 0:10:17]} 74. Rg6
{[%clk 0:04:00]} 1-0